000 00337nam a22001337a 4500
020 _a978-81-8477-744-4
082 _a425
_bSEA/A
100 _aANNE SEATON, YH MEW
245 _aACTIVE GRAMMAR FOR CLASSES 6 TO 8
260 _aDELHI
_bSCHOLASTIC INDIA
_c2013
300 _a247
650 _aENGLISH GRAMMAR FOR HIGHSCHOOL
_zINDIA
942 _cBK
999 _c954
_d954